| 000 | 00388nam a2200145Ia 4500 | ||
|---|---|---|---|
| 008 | 230711s9999||||xx |||||||||||||| ||und|| | ||
| 041 | _aENG | ||
| 082 |
_a624 _bGU-C |
||
| 100 | _aGupta,S.P | ||
| 245 | 0 | _aCivil Engineering through objective type question | |
| 250 | _a2nd | ||
| 260 |
_c1991 _aNew Delhi _bCBS Publishers & Distributors Pvt.Ltd |
||
| 650 | _aCivil Engineering | ||
| 942 | _cBK | ||
| 999 |
_c1079 _d1079 |
||